000 00351nam a2200145Ia 4500
008 260223s2026 xx 000 0 und d
020 _a9788197750007
041 _aeng
082 _a617.69/GILL
100 _aGill. KK.
245 _acommunity Health Nursing-I
260 _aNew Delhi
_bC.B.S. Pub.
_c2026
300 _a574P
650 _aCommunity
999 _c1216487
_d1216487